• 首页
  • 本馆介绍
  • 公告通知
  • 最新文献
  • 馆藏检索
  • 电子资源
  • 读者导购
  • 参考咨询
  • 我的图书馆
  • 登录
  • 详细信息显示
  • 放入我的书架
  • 预约/预借图书
  • 作者相关作品
  • 分类相关作品
  • 丛书相关作品
  • 出版社相关作品

书目信息

  • 表格格式
  • 工作单格式
  • 卡片格式
题名:
骨关节病自我管理
    
 
作者: 杨庆铭 主编
分册:  
出版信息: 上海   上海文化出版社  2008
页数: 112页
开本: 22cm
丛书名: 家庭用药·慢性病自我管理丛书
单 册:
中图分类: R684
科图分类:
主题词: 关节疾病--防治 , 关节疾病
电子资源:
ISBN: 978-7-80740-225-1
000 00828oam2 2200253 450
001 1568858645
005 20150131190758.46
010    @a978-7-80740-225-1@dCNY12.80
100    @a20080514d2008 em y0chiy50 ea
101 0  @achi
102    @aCN@b310000
105    @ay z 000yy
200 1  @a骨关节病自我管理@9gu guan jie bing zi wo guan li@f杨庆铭主编
210    @a上海@c上海文化出版社@d2008
215    @a112页@d22cm
225 2  @a家庭用药·慢性病自我管理丛书
330    @a本书内容包括:世界范围内骨关节疾病的发病概况、人体骨关节探秘、正常人脊柱的构造是怎样的、颈椎病是怎样引起的等。
461  0 @12001 @a家庭用药·慢性病自我管理丛书
606 0  @a关节疾病@x防治
606 0  @a关节疾病
690    @aR684@v5
701  0 @a杨庆铭@9yang qing ming@f(1939~)@4主编
801  0 @aCN@bTSSF@c20150131
905    @aZUCC@dR684@eJY353
    
    骨关节病自我管理/杨庆铭主编.-上海:上海文化出版社,2008
    112页;22cm.-(家庭用药·慢性病自我管理丛书)
    
    
    ISBN 978-7-80740-225-1:CNY12.80
    本书内容包括:世界范围内骨关节疾病的发病概况、人体骨关节探秘、正常人脊柱的构造是怎样的、颈椎病是怎样引起的等。
●
相关链接 在E读中查询图书 在五车中查询图书 在当当中查询图书 在豆瓣中查询图书


正题名:骨关节病自我管理     索取号:R684/JY353         预约/预借

序号 登录号 条形码 馆藏地/架位号 状态 备注
1 7861423   278614233   学院路分馆/ [索取号:R684/JY353] 在馆    
2 7861424   278614242   学院路分馆/ [索取号:R684/JY353] 在馆    
3 7861425   278614251   学院路分馆/ [索取号:R684/JY353] 在馆    
唐山师范学院图书馆 欢迎您!
大连网信软件有限公司© 版权所有